书目信息 |
| 题名: |
理想的村居
|
|
| 作者: | 谌凤莲 著 | |
| 分册: | ||
| 出版信息: | 成都 西南交通大学出版社 2020.10 |
|
| 页数: | 119页 | |
| 开本: | 23cm | |
| 丛书名: | ||
| 单 册: | ||
| 中图分类: | X821 | |
| 科图分类: | ||
| 主题词: | 农村--nong cun--居住环境--环境质量评价--研究 | |
| 电子资源: | ||
| ISBN: | 978-7-5643-7664-2 | |
| 000 | 01274nam0 2200265 450 | |
| 001 | 0100028458 | |
| 005 | 20211025120159.0 | |
| 010 | @a978-7-5643-7664-2@dCNY68.00 | |
| 100 | @a20201216d2020 em y0chiy50 ea | |
| 101 | 0 | @achi |
| 102 | @aCN@b510000 | |
| 105 | @aa a 000yy | |
| 106 | @ar | |
| 200 | 1 | @a理想的村居@Ali xiang de cun ju@e乡村居住环境评价体系研究@f谌凤莲著 |
| 210 | @a成都@c西南交通大学出版社@d2020.10 | |
| 215 | @a119页@c彩图@d23cm | |
| 314 | @a谌凤莲, 兰州理工大学设计艺术学院讲师。 | |
| 320 | @a有书目 (第115-117页) | |
| 330 | @a本书以乡村居住环境评价体系研究为主要内容, 辐射乡村建设的各个方面, 主旨是构建相对完整的乡村居住环境评价体系, 并尽量将繁杂的环境评价指标用图形和图表的表达方式进行分析、综合与概括。本书的内容既包括社会学和心理学的内容, 也涉及到建筑学与城乡规划学的内容。虽然书中所阐述的乡村环境居住评价体系的构建原理比较复杂, 但作者力求行文尽量通俗易懂, 希望有更多的人看到本书, 进而推广乡村居住环境评价体系的研究和应用, 以此加快乡村振兴战略的实施步伐。 | |
| 517 | 1 | @a乡村居住环境评价体系研究@Axiang cun ju zhu huan jing ping jia ti xi yan jiu |
| 606 | 0 | @a农村@Anong cun@x居住环境@x环境质量评价@x研究 |
| 690 | @aX821@v5 | |
| 701 | 0 | @a谌凤莲@Achen feng lian@4著 |
| 801 | 0 | @aCN@c20210909 |
| 905 | @a河南城建学院图书馆@dX821@eC674 | |
| 理想的村居:乡村居住环境评价体系研究/谌凤莲著.-成都:西南交通大学出版社,2020.10 |
| 119页:彩图;23cm |
| ISBN 978-7-5643-7664-2:CNY68.00 |
| 本书以乡村居住环境评价体系研究为主要内容, 辐射乡村建设的各个方面, 主旨是构建相对完整的乡村居住环境评价体系, 并尽量将繁杂的环境评价指标用图形和图表的表达方式进行分析、综合与概括。本书的内容既包括社会学和心理学的内容, 也涉及到建筑学与城乡规划学的内容。虽然书中所阐述的乡村环境居住评价体系的构建原理比较复杂, 但作者力求行文尽量通俗易懂, 希望有更多的人看到本书, 进而推广乡村居住环境评价体系的研究和应用, 以此加快乡村振兴战略的实施步伐。 |
| ● |
| 相关链接 |
|
|
|
正题名:理想的村居
索取号:X821/C674
 
预约/预借
| 序号 | 登录号 | 条形码 | 馆藏地/架位号 | 状态 | 备注 |
| 1 | 1545406 | 215454069 | 自科库501/501自科库 113排2列6层/ [索取号:X821/C674] | 在馆 |